ბათუმის შოთა რუსთაველის სახელმწიფო უნივერსიტეტის ბიბლიოთეკა

პეტრე ბაგრატიონი - გამოჩენილი მეცნიერი და საზოგადო მოღვაწე / (ბიბ.ჩანაწერი № 54665)

000 -ლიდერი
ფიქსირებული სიგრძის საკონტროლო ველი 01763nam a2200325Ia 4500
001 - საკონტროლო ნომერი
საკონტროლო ველი 21732
003 - საკონტროლო ნომრის იდენტიფიკატორი
საკონტროლო ველი GE_BSU
005 - ბოლო ოპერაციის თარიღი და დრო
საკონტროლო ველი 20220124164041.0
008 - ფიქსირებული სიგრძის მონაცემთა ელემენტები - ზოგადი ინფორმაცია
ფიქსირებული სიგრძის საკონტროლო ველი 181216s2016||||ge |||||||||||||| ||geo||
020 ## - წიგნის საერთაშორისო სტანდარტული ნომერი
International Standard Book Number 9789941096600
040 ## - კატალოგიზაციის წყარო
Transcribing agency GE_BSU
041 ## - ენის კოდი
Language code of text/sound track or separate title geo
080 ## - უნივერსალური ათობითი კლასიფიკაციის ინდექსი
Universal Decimal Classification number 54(470)(092)+669(470)(092) ც-66
100 ## - მთავარი ჩანაწერი - პიროვნების სახელი
Personal name ცინცაძე, გ.
9 (RLIN) 1759
245 ## - ცნობა სათაურის შესახებ
Title პეტრე ბაგრატიონი - გამოჩენილი მეცნიერი და საზოგადო მოღვაწე /
Statement of responsibility, etc გ. ცინცაძე, გ. ცირეკიძე, რ. ჩაგუნავა ; რედაქტორი გ. არახამია.
260 ## - გამოქვეყნების, გავრცელების, და სხვა. ცნობები
Place of publication, distribution, etc თბილისი :
Name of publisher, distributor, etc [?],
260 ## - გამოქვეყნების, გავრცელების, და სხვა. ცნობები
Date of publication, distribution, etc 2016.
300 ## - ფიზიკური აღწერა
Extent 186 გვ. :
Other physical details სურ. ;
Dimensions 20 სმ.
500 ## - ზოგადი შენიშვნა
General note იბეჭდება საქ. მეცნიერებათა ეროვნული აკადემიის სარედაქციო-საგამომცემლო საბჭოს გადაწყვეტილებით
520 ## - SUMMARY, ETC.
Summary, etc რეზიუმე ინგლისურ ენაზე
653 ## - INDEX TERM--UNCONTROLLED
Uncontrolled term პეტრე ბაგრატიონი - გამოჩენილი მეცნიერი და საზოგადო მოღვაწე
653 ## - INDEX TERM--UNCONTROLLED
Uncontrolled term რუსი ქიმიკოსები
653 ## - INDEX TERM--UNCONTROLLED
Uncontrolled term რუსი მეტალურგები
653 ## - INDEX TERM--UNCONTROLLED
Uncontrolled term ქიმია
700 ## - ADDED ENTRY--PERSONAL NAME
Personal name ცირეკიძე, გ.
Relator term ავტორი
9 (RLIN) 13438
700 ## - ADDED ENTRY--PERSONAL NAME
Personal name ჩაგუნავა, რ.
Relator term ავტორი
9 (RLIN) 13439
700 ## - ADDED ENTRY--PERSONAL NAME
Personal name არახამია, გ.
Relator term რედაქტორი
9 (RLIN) 13440
942 ## - ADDED ENTRY ELEMENTS (KOHA)
Koha item type წიგნი
Source of classification or shelving scheme
ეგზემპლარები
ჩამოწერის სტატუსი დაკარგული ეგზემპლარის სტატუსი კლასიფიკაციის წყარო ან თაროზე გაწყობის სქემა დაზიანების სტატუსი არ გაიცემა მუდმივი მდებარეობა (დაცვის ადგილი) ამჟამინდელი ადგილსამყოფელი თაროზე განთავსების ადგილი შეძენის თარიღი ღირებულება, შესყიდვის ნორმალური ფასი სრული შენახვის შიფრი შტრიხკოდი ბოლო ოპერაციის თარიღი ეგზემპლარის მიმდევრობითი ნომერი (კეტერი?) ფასის ძალაში შესვლის თარიღი ეგზემპლარის სახეობა საჯარო შენიშვნა Uniform Resource Identifier
          ბათუმის შოთა რუსთაველის სახელმწიფო უნივერსიტეტის მთავარი ბიბლიოთეკა ბათუმის შოთა რუსთაველის სახელმწიფო უნივერსიტეტის მთავარი ბიბლიოთეკა წიგნსაცავი 2018-12-17 5.00 54(470)(092)+669(470)(092) ც-66 55937 2018-12-17 55937 2018-12-17 წიგნი 5.00 ₾.  
          ბათუმის შოთა რუსთაველის სახელმწიფო უნივერსიტეტის მთავარი ბიბლიოთეკა ბათუმის შოთა რუსთაველის სახელმწიფო უნივერსიტეტის მთავარი ბიბლიოთეკა წიგნსაცავი 2025-01-29 5.00 54(470)(092)+669(470)(092) ც-66 70499 2025-01-29 70499 2025-01-29 წიგნი 5.00 ნაჩუქარი